书目信息 |
| 题名: |
国际电影审查与分级制度
|
|
| 作者: | 郑涵 主编 | |
| 分册: | ||
| 出版信息: | 上海 上海交通大学出版社 2014.01 |
|
| 页数: | 459页 | |
| 开本: | 23cm | |
| 丛书名: | 传媒制度论丛 | |
| 单 册: | ||
| 中图分类: | J945 | |
| 科图分类: | ||
| 主题词: | 电影--监管制度--研究--世界 , 电影 , 监管制度 | |
| 电子资源: | ||
| ISBN: | 978-7-313-10673-5 | |
| 000 | 01236oam2 2200313 450 | |
| 001 | 0120141217897 | |
| 005 | 20140610112313.78 | |
| 010 | @a978-7-313-10673-5@dCNY58.00 | |
| 100 | @a20140127d2014 em y0chiy0110 ea | |
| 101 | 0 | @achi |
| 102 | @aCN@b310000 | |
| 105 | @ak z 000yy | |
| 106 | @ar | |
| 200 | 1 | @a国际电影审查与分级制度@9guo ji dian ying shen cha yu fen ji zhi du@dSystem of film censorship and classification@f郑涵主编@zeng |
| 210 | @a上海@c上海交通大学出版社@d2014.01 | |
| 215 | @a459页@d23cm | |
| 225 | 2 | @a传媒制度论丛 |
| 300 | @a上海市高校人文社会科学重点研究基地基金资助 教育部人文社会科学研究项目(08JA860012) | |
| 330 | @a本书剖析了国际社会极具代表性国家的电影审查分级制度,由此勾勒出国际电影审查分级制度的主要类型,不仅推进了国内电影学界相关研究,而且为传媒制度比较研究提供了具有重要学术价值的参考文献,并有利于电影产业领域的决策研究。 | |
| 333 | @a电影艺术研究者 | |
| 461 | 0 | @12001 @a传媒制度论丛@1701 0@a郑涵@4主编 |
| 510 | 1 | @aSystem of film censorship and classification@zeng |
| 606 | 0 | @a电影@x监管制度@x研究@y世界 |
| 606 | 0 | @a电影 |
| 606 | 0 | @a监管制度 |
| 690 | @aJ945@v5 | |
| 701 | 0 | @a郑涵@9zheng han@4主编 |
| 801 | 0 | @aCN@b人天书店@c20140127 |
| 905 | @b846592-94@dJ945@e282@f3 | |
| 国际电影审查与分级制度=System of film censorship and classification/郑涵主编.-上海:上海交通大学出版社,2014.01 |
| 459页;23cm.-(传媒制度论丛) |
| 上海市高校人文社会科学重点研究基地基金资助 教育部人文社会科学研究项目(08JA860012).-使用对象:电影艺术研究者 |
| ISBN 978-7-313-10673-5:CNY58.00 |
| 本书剖析了国际社会极具代表性国家的电影审查分级制度,由此勾勒出国际电影审查分级制度的主要类型,不仅推进了国内电影学界相关研究,而且为传媒制度比较研究提供了具有重要学术价值的参考文献,并有利于电影产业领域的决策研究。 |
| ● |
| 相关链接 |
|
|
|
|
正题名:国际电影审查与分级制度
索取号:J945/282
 
预约/预借
| 序号 | 登录号 | 条形码 | 馆藏地/架位号 | 状态 | 备注 |
| 1 | 846592 | 208465926 | 第一样本阅览室/ [索取号:J945/282] | 在馆 | |
| 2 | 846593 | 208465935 | 第一借阅区/ [索取号:J945/282] | 在馆 | |
| 3 | 846594 | 208465944 | 第一借阅区/ [索取号:J945/282] | 在馆 |